Statistics for Multinational Organisation Headquarters

Click here to take the quiz!

General Stats

  • This quiz has been taken 90 times
  • The average score is 11 of 39

Answer Stats

HintAnswer% Correct
United Nations (UN)New York
94%
European Union (EU)Brussels
59%
World Health Organization (WHO)Geneva
55%
Commonwealth of NationsLondon
45%
North Atlantic Treaty Organization (NATO)Brussels
42%
Arab LeagueCairo
42%
World Trade Organization (WTO)Geneva
41%
African UnionAddis Ababa
36%
Shanghai Cooperation Organisation (SCO)Beijing
36%
International Court of Justice (ICJ)The Hague
36%
International Red Cross and Red CrescentGeneva
34%
Association of Southeast Asian Nations (ASEAN)Jakarta
34%
United Nations Children's Fund (UNICEF)New York
34%
International Criminal Court (ICC)The Hague
34%
World BankWashington
34%
International Monetary Fund (IMF)Washington
34%
Organisation for Economic Co-operation and Development (OECD)Paris
31%
Organization of the Petroleum Exporting Countries (OPEC)Vienna
31%
Fédération Internationale de Football Association (FIFA)Zürich
30%
Médecins Sans Frontières (MSF)Geneva
27%
International Atomic Energy AgencyVienna
27%
International Criminal Police Organization (INTERPOL)Lyon
25%
World Food ProgrammeRome
23%
Asian Infrastructure Investment Bank (AIIB)Beijing
22%
United Nations High Commissioner for Refugees (UNHCR)Geneva
22%
International Olympic Committee (IOC)Lausanne
20%
OxfamOxford
20%
Association of Tennis Professionals (ATP)London
16%
Asian Development Bank (ADB)Manila
16%
Pacific Islands ForumSuva
16%
International Civil Aviation Organization (ICAO)Montreal
14%
Union of South American NationsQuito
14%
Asia-Pacific Economic Cooperation (APEC)Singapore
14%
Association of Caribbean States (ACS)Port of Spain
9%
Organisation for the Prohibition of Chemical Weapons (OPCW)The Hague
8%
African Development Bank (AfDB)Abidjan
6%
International Swimming Federation (FINA)Lausanne
5%
World VisionMonrovia
5%
International Association of Athletics Federations (IAAF)Monaco
2%

Score Distribution

Percentile by Number Answered

Percent of People with Each Score

Your Score History

You have not taken this quiz